00441 a2200157 450000500170000001000130001702000260003003500130005603700090006908200060007810000170008424500480010126000490014927000630019830000220026120240520114605.0 aB-759110 a9780143333166c199.00 aB-759110 bGift aS aMurty, Sudha aThe Magic of The Lost Temple/cSudha Murthy aGurgaonbPenguin Books India Pvt. Ltdc2015 a7th Floor Infinity Tower C,DLF Cyber CitybGurgaone122002 a203 p.c19 cm(Pb)